| 000 | 00911nmm a2200277 a 4500 | ||
|---|---|---|---|
| 001 | ocm000681608 | ||
| 003 | TR-IsHL | ||
| 005 | 20201028140032.0 | ||
| 008 | 131212s2006 tu tur | ||
| 007 | cr cn | ||
| 020 | _a9789944601108 | ||
| 035 |
_a681608 _b(N$T) |
||
| 050 | 0 | 4 |
_aDR741.G3 _bG39 2006 |
| 090 | 0 | 4 |
_aDR741.G3 _bG39 2006 |
| 245 | 1 | 0 |
_aGaziantep savunması _h[electronic resource] |
| 260 |
_aGaziantep : _bGaziantep Ticaret Odası, _c2006 |
||
| 300 | _a72 p. | ||
| 650 | 4 | _aTarih | |
| 650 | 4 | _aHistory | |
| 650 | 0 |
_aTürkiye _x Tarih _x Kurtuluş Savaşı, 1918-1923 |
|
| 650 | 0 |
_aTurkey _x History _x Revolution, 1918-1923 |
|
| 650 | 0 | _aTarihî hikayeler, Türk | |
| 650 | 0 | _aHistorical stories, Turkey | |
| 650 | 7 |
_aHISTORY / Middle East / Turkey & Ottoman Empire _2bisacsh |
|
| 856 | 4 | 0 | _uhttp://search.ebscohost.com/login.aspx?direct=true&scope=site&db=e011xww&AN=681608 |
| 999 |
_c7067 _d7067 |
||